000 00758nam a2200217Ia 4500
003 GCL
008 140319s9999 xx 000 0 ara d
040 _aGCL /
_cGCL
082 0 4 _a842
_bل ت
100 1 _aلوساج، الن رينيه
245 1 0 _aتوركارية /
_cلوساج، الن رينيه
700 1 _aانطون غزال
700 1 _aعبدالحميد الدواخلى
260 _aالقاهرة :
_bالشركة التعاونية للطباعة والنشر
300 _a166 ص ؛
_c20 سم
490 _aروائع المسرح العالمى
_v8
650 0 4 _aالادب الفرنسى
650 0 4 _aالمسرحيات الفرنسية
650 0 4 _aالمسرحيات الفرنسية المترجمة
942 _2ddc
_cBK
999 _c49403
_d49403